Tiros de Guillermo León : (Registro nro. 7140)
[ vista simple ]
| 000 -LEADER | |
|---|---|
| fixed length control field | 00965cam a2200253 a 4500 |
| 001 - CONTROL NUMBER | |
| control field | 3463070 |
| 003 - CONTROL NUMBER IDENTIFIER | |
| control field | OSt |
| 005 - DATE AND TIME OF LATEST TRANSACTION | |
| control field | 20210209185254.0 |
| 008 - FIXED-LENGTH DATA ELEMENTS--GENERAL INFORMATION | |
| fixed length control field | 930819s1992 ck aco r 000 0 spa d |
| 020 ## - INTERNATIONAL STANDARD BOOK NUMBER | |
| International Standard Book Number | 9589503403 |
| 040 ## - CATALOGING SOURCE | |
| Original cataloging agency | CO-JMCR |
| Transcribing agency | CO-JMCR |
| 041 0# - LANGUAGE CODE | |
| Language code of text/sound track or separate title | spa |
| 082 04 - DEWEY DECIMAL CLASSIFICATION NUMBER | |
| Classification number | 923.1 / |
| Item number | I651t |
| Edition number | 20 |
| 100 1# - MAIN ENTRY--PERSONAL NAME | |
| Personal name | Iragorri, Juan Carlos, |
| Relator term | autor |
| 9 (RLIN) | 13210 |
| 245 10 - TITLE STATEMENT | |
| Title | Tiros de Guillermo León : |
| Remainder of title | anecdotario / |
| Statement of responsibility, etc. | Juan Carlos Iragorri, Julián Mosquera |
| 260 ## - PUBLICATION, DISTRIBUTION, ETC. | |
| Place of publication, distribution, etc. | Bogotá : |
| Name of publisher, distributor, etc. | Seguranza, |
| Date of publication, distribution, etc. | 1991 |
| 300 ## - PHYSICAL DESCRIPTION | |
| Extent | 216 páginas : |
| Other physical details | ilustraciones, fotografías, retratos ; |
| Dimensions | 21 cm. |
| 500 ## - GENERAL NOTE | |
| General note | Incluye datos biográficos de los autores en la tapa posterior |
| 505 ## - FORMATTED CONTENTS NOTE | |
| Formatted contents note | Tiros políticos -- Tiros sociales -- Tiros internacionales -- Culatazos -- Los toros y ¡viva España! |
| 600 10 - SUBJECT ADDED ENTRY--PERSONAL NAME | |
| Personal name | Valencia, Guillermo León, |
| Dates associated with a name | 1909-1971. |
| 9 (RLIN) | 13211 |
| 651 14 - SUBJECT ADDED ENTRY--GEOGRAPHIC NAME | |
| Geographic name | Colombia |
| General subdivision | Política y gobierno |
| Chronological subdivision | 1946-1974 |
| 9 (RLIN) | 13212 |
| 700 1# - ADDED ENTRY--PERSONAL NAME | |
| Personal name | Mosquera, Julián, |
| Relator term | autor |
| 9 (RLIN) | 13213 |
| 942 ## - ADDED ENTRY ELEMENTS (KOHA) | |
| Source of classification or shelving scheme | Dewey Decimal Classification |
| Koha item type | Books |
| Withdrawn status | Lost status | Source of classification or shelving scheme | Damaged status | Not for loan | Home library | Current library | Shelving location | Date acquired | Source of acquisition | Total Checkouts | Full call number | Barcode | Date last seen | Copy number | Price effective from | Koha item type |
|---|---|---|---|---|---|---|---|---|---|---|---|---|---|---|---|---|
| Dewey Decimal Classification | Biblioteca Pública José María del Castillo y Rada | Biblioteca Pública José María del Castillo y Rada | General Stacks | 02/09/2021 | Donación | 923.1 / I651t | 201810453 | 05/16/2024 | Ej.1 | 02/09/2021 | Books |